000 00436nam a22001817a 4500
003 CEME
005 20210628203428.0
008 210129b xxu||||| |||| 00| 0 eng d
020 _a969-8508-02-3
040 _c.
082 _a891.4391 WAS
100 _aWasi Shah
_99705
245 _aAankhain beegh jati hain
260 _aLAHORE
_bDUA PUBLISHERS
_c2003
300 _a128P
650 _aURDU ADAB-POETRY
_928226
942 _cBK
_2ddc
999 _c573617
_d573617